| 000 | 01607cam a22005177a 4500 | ||
|---|---|---|---|
| 008 | 140203m20099999gw a b 001 0 eng d | ||
| 020 | _a9783527314041 (12 vols.) | ||
| 020 | _a3527314040 (12 vols) | ||
| 020 | _a9783527324965 (v. 1) | ||
| 020 | _a3527324968 (v. 1) | ||
| 020 | _a9783527324972 (v. 2) | ||
| 020 | _a3527324976 (v. 2) | ||
| 020 | _a9783527324989 (v. 3) | ||
| 020 | _a3527324984 (v. 3) | ||
| 020 | _a9783527315772 (Set 1, 3 vols.) | ||
| 020 | _a3527315772 (Set 1, 3 vols.) | ||
| 020 | _a9783527325900 (v. 4) | ||
| 020 | _a3527325905 (v. 4) | ||
| 020 | _a9783527325917 (v. 5) | ||
| 020 | _a3527325913 (v. 5) | ||
| 020 | _a9783527325924 (v. 6) | ||
| 020 | _a3527325921 (v. 6) | ||
| 020 | _a9783527315741 (Set 2, 3 vols.) | ||
| 020 | _a3527315748 (Set 2, 3 vols.) | ||
| 020 | _a9783527326020 (v, 7) | ||
| 020 | _a9783527326280 (v. 8) | ||
| 020 | _a9783527326396 (v. 9) | ||
| 020 | _a9783527315765 (Set 3, 3 vols.) | ||
| 050 | 0 | 0 |
_aTP155.2.E58 _bH35 2009 |
| 245 | 0 | 0 |
_aHandbook of green chemistry / _c[editor, Paul T. Anastas]. |
| 260 |
_aWeinheim : _bWiley-VCH, _c2009-<2012> |
||
| 300 |
_av. <1-9> : _bill. ; |
||
| 500 | _aSet titles from covers. | ||
| 650 | 0 | _aGreen chemistry. | |
| 650 | 0 | _aCatalysis. | |
| 650 | 7 | _aCatalysis. | |
| 650 | 7 |
_aEnvironmental chemistry _xIndustrial applications. |
|
| 650 | 0 | 7 | _aGrüne Chemie. |
| 650 | 0 | 7 | _aUmweltverträglichkeit. |
| 650 | 0 | 7 | _aNachhaltigkeit. |
| 650 | 0 | 7 | _aTechnische Chemie. |
| 650 | 0 | 7 | _aÖkologische Chemie. |
| 700 | 1 | _aAnastas, Paul T., | |
| 700 | 1 | _aCrabtree, Robert H., | |
| 942 | _cBK | ||
| 999 |
_c2426 _d2426 |
||